000
00319 a2200109 4500
001
ART_3594
005
20260410161716.0
008
260409a
245
1
0
_a
Tras la privatización
100
1
_a
Müller, Alberto E.G.
773
0
_t
Desarrollo económico
_g
- Vol. 34, Nº 134 (jul./sep. 1994)
_w
REV1174
999
_c
16538
_d
16538